000
00209 a2200097 4500
001
48286
100
_a
Fullard, H
245
_a
The library atlas
260
_a
London
_b
George philip
_c
090
_c
31238
_d
31238
942
_a
NUST-CAE
_c
M
_c
23601
999
_c
283359
_d
283359